000 00423 a2200169 4500
001 71757
020 _a
040 _cAnchieta - Colégio São Paulo
100 _aBarbalat, Lea
240 1 0 _aO Menino Maluquinho em os voluntários da pátria
_lpor
245 1 0 _aO Menino Maluquinho em os voluntários da pátria
300 _a32
362 0 _a2001
440 1 _aÁtica
650 4 _aLiteratura infantil
942 _cBK
999 _c71757
_d71757